000
00334nam a22001217a 4500
040
_c
HS
082
_a
428
100
_a
វន មុនិន្ធ
245
_a
English (4 year ) : ភាសាអង់គ្លេស (ឆ្នាំទី៤)
260
_a
RUA
_b
វន មុនិន្ធ
_c
2008
300
_a
9p;
942
_c
KB
999
_c
10122
_d
10122